000 00688nam a22002057a 4500
003 0
005 20160609170014.0
008 101111t xxu||||| |||| 00| 0 eng d
040 _aBUAC
_cBEPAC
100 _aAgossou , Diane
_910738
130 _lfr
_910739
245 _aInteret de l'étude des paramètres biochimiques dans la prise en charge des nouveaux cas suspects d'ulcère de buruli dans les communes de Lalo et d'Allada
260 _aUAC-EPAC
_bUAC-EPAC
_c2007
300 _aVI-62p.
650 _aULCERE
_bBURULI
_910740
650 _aALLADA
_bPARAMETRE BIOCHIMIQUE
_910741
650 _aULCERE
_bCOMMUNE DE LALO
_910742
700 _aAgoundote , Hermione
_910743
942 _cTHE
999 _c48153
_d48153